Top 5 landen per categorie #5 - Statistieken

Algemene statistieken
  • Deze quiz is 369 keer genomen
  • De gemiddelde score is 30 van 60
Antwoordstatistieken
Country % Correct
India
98%
Nederland
98%
China
97%
Duitsland
97%
Verenigde Staten
97%
België
93%
Brazilië
91%
Japan
90%
Verenigd Koninkrijk
90%
Australië
86%
Indonesië
85%
Canada
80%
Spanje
78%
Nepal
75%
Syrië
70%
Pakistan
69%
Verenigde Arabische Emiraten
68%
Niger
62%
Zuid-Korea
62%
Nigeria
60%
Denemarken
58%
Mexico
58%
Afghanistan
57%
Zwitserland
57%
Bhutan
56%
Filipijnen
54%
Oekraïne
53%
Oostenrijk
53%
Zuid-Afrika
52%
IJsland
51%
Colombia
50%
Saoedi-Arabië
50%
Madagaskar
45%
Myanmar
45%
Taiwan
40%
Zuid-Soedan
40%
Soedan
39%
Kosovo
38%
Bulgarije
35%
Somalië
35%
Sovjet Unie
34%
Hongarije
33%
Servië
32%
Roemenië
29%
Tanzania
27%
Montenegro
25%
Panama
24%
Papoea-Nieuw-Guinea
24%
Oost-Timor
23%
Oeganda
21%
Kirgizië
20%
Tadzjikistan
20%
Lesotho
16%
Maldiven
16%
Seychellen
14%
Burundi
11%
Salomonseilanden
10%
Gambia
8%
Joegoslavië
8%
Sao Tome en Principe
8%
Geen overeenkomende quizzen gevonden
Scoreverdeling
Procent van Mensen met Elke Score
Percentiel versus Aantal Correcte Antwoorden
Uw Scoregeschiedenis
U heeft deze quiz nog niet genomen